Soil research and education in bangladesh / (Record no. 3677)

MARC details
000 -LEADER
fixed length control field 00586nam a22001937a 4500
001 - CONTROL NUMBER
control field BD-DhSAU 3677
003 - CONTROL NUMBER IDENTIFIER
control field BD-DhSAU
005 - DATE AND TIME OF LATEST TRANSACTION
control field 20150209093520.0
008 - FIXED-LENGTH DATA ELEMENTS--GENERAL INFORMATION
fixed length control field 150209b1998 bg a|||| |||| 00| 0 eng d
040 ## - CATALOGING SOURCE
Original cataloging agency BD-DhSAU
082 ## - DEWEY DECIMAL CLASSIFICATION NUMBER
Edition number 22
Classification number 631.40725492
Item number SOI
245 ## - TITLE STATEMENT
Title Soil research and education in bangladesh /
Statement of responsibility, etc. Edited by Nur Mohammad Talukder and M. Jahiruddin
260 ## - PUBLICATION, DISTRIBUTION, ETC. (IMPRINT)
Place of publication, distribution, etc. Mymenshing :
Name of publisher, distributor, etc. Zaman printers ,
Date of publication, distribution, etc. c1998.
300 ## - PHYSICAL DESCRIPTION
Extent 76 p.:
Other physical details ill. ;
Dimensions 25 cm.
590 ## - Name of Cataloguer
Name of Cataloger IMRAN
650 ## - SUBJECT ADDED ENTRY--TOPICAL TERM
Topical term or geographic name as entry element Soil science
Geographic subdivision Bangladesh
700 ## - ADDED ENTRY--PERSONAL NAME
Personal name Talukder, Nur Mohammad
700 ## - ADDED ENTRY--PERSONAL NAME
Personal name Jahiruddin, M.
942 ## - ADDED ENTRY ELEMENTS (KOHA)
Source of classification or shelving scheme Dewey Decimal Classification
Koha item type Book
Holdings
Withdrawn status Lost status Source of classification or shelving scheme Damaged status Not for loan Home library Branch Name Shelving location Date acquired Total Checkouts Full call number Barcode Date last seen Price effective from Koha item type
    Dewey Decimal Classification     SAU Library SAU Library General Stacks 26/08/1999   631.40725492 SOI 27740 09/02/2015 09/02/2015 Book
    Dewey Decimal Classification     SAU Library SAU Library General Stacks 26/08/1999   631.40725492 SOI 27741 09/02/2015 09/02/2015 Book